Caracterización de la curva esfuerzo-deformación de prismas de mampostería con bloques de concreto de 120 mm y 150 mm de espesor bajo carga axial concéntrica
Uloženo v:
| Hlavní autor: | |
|---|---|
| Další autoři: | |
| Médium: | Kniha |
| Jazyk: | Spanish |
| Vydáno: |
[San José ], Costa Rica
2019
|
| Témata: | |
| Tagy: |
Přidat tag
Žádné tagy, Buďte první, kdo vytvoří štítek k tomuto záznamu!
|
MARC
| LEADER | 00000nam a22000007a 4500 | ||
|---|---|---|---|
| 003 | 013038 | ||
| 005 | 20230526133054.0 | ||
| 008 | 190510b2019 c a|||| |m|| 00| ||spa d | ||
| 040 | |c cru CEDI | ||
| 090 | |a TFG 8188 | ||
| 100 | |9 16751 |a Núñez Sánchez, Bryan | ||
| 245 | |a Caracterización de la curva esfuerzo-deformación de prismas de mampostería con bloques de concreto de 120 mm y 150 mm de espesor bajo carga axial concéntrica | ||
| 260 | |a [San José ], Costa Rica |c 2019 | ||
| 500 | |a Proyecto de graduación (licenciatura en ingeniería civil)--Universidad de Costa Rica. Facultad de Ingeniería. Escuela de Ingeniería Civil. | ||
| 501 | |a Director de Proyecto de Graduación: Ing. Guillermo González Beltrán, Ph.D | ||
| 650 | |x MAMPOSTERIA - PRUEBAS |x DEFORMACIONES (MECANICA) |x RESISTENCIA DE MATERIALES - PRUEBAS |x ESFUERZO Y TENSION | ||
| 700 | |9 219 |a González Beltrán, Guillermo, 1974- |d Director del TFG | ||
| 942 | |c CEDI |h TFG 8188 |6 TFG_8188_000000000000000 | ||
| 999 | |c 21680 |d 21680 | ||
